00514nam a22001937a 450000500170000001000280001702000260004503500130007103500170008403500130010103700210011403700130013508200060014810000200015424500580017426000320023227000350026430000210029920170810164934.0 aBAC-EN21 ENG-111997 a9789350294246c350.00 aEN-95529 aB-581629-639 aB-666160 bPragati/Venadpl bDBAD/PUB aN aNagarkar, Kiran aThe extras :b*ing Ravan & Eddie /cby Kiran Nagarkar aNoidabFourth Estate c2014 aA-75, Sector 57bNoidae201301 a467p.c22cm(pbk)